Mi manual de Educación inclusiva: procedimientos para el desarrollo de contextos escolares incluyentes (Registro nro. 4035)
[ vista simple ]
| 000 -CABECERA | |
|---|---|
| campo de control de longitud fija | 00805aam a2200253 4500 |
| 005 - FECHA Y HORA DE ACTUALIZACIÓN | |
| campo de control | 20170228111219.0 |
| 008 - LONGITUD FIJA | |
| campo de control de longitud fija | 150319b xxu||||| |||| 00| 0 spa d |
| 041 ## - IDIOMA | |
| Código de idioma del texto/pista de sonido o título separado | |
| 082 ## - CLASIFICACIÓN DECIMAL DEWEY | |
| Número de clasificación | 373.142.2 I59i |
| 110 ## - AUTOR CORPORATIVO | |
| Nombre de entidad corporativa | Instituto Mexicano para la excelencia Educativa |
| 245 ## - TÍTULO PROPIAMENTE DICHO | |
| Título | Mi manual de Educación inclusiva: procedimientos para el desarrollo de contextos escolares incluyentes |
| 260 ## - PIE DE IMPRENTA | |
| Lugar de publicación, distribución, etc. | México |
| 260 ## - PIE DE IMPRENTA | |
| Nombre del editor, distribuidor, etc. | Trillas |
| 260 ## - PIE DE IMPRENTA | |
| Fecha de publicación, distribución, etc. | 2012 |
| 300 ## - DESCRIPCIÓN FÍSICA | |
| Extensión | 157 páginas |
| 650 ## - Materia General | |
| Materia general | ORIENTACIÓN EDUCATIVA |
| 650 ## - Materia General | |
| Materia general | EDUCACIÓN INCLUSIVA |
| 650 ## - Materia General | |
| Materia general | FAMILIA |
| 650 ## - Materia General | |
| Materia general | ORIENTACIONES |
| 650 ## - Materia General | |
| Materia general | ORIENTACIONES PEDAGÓGICAS |
| 650 ## - Materia General | |
| Materia general | TÉCNICAS CONGNITIVO-CONDUCTUALES |
| 650 ## - Materia General | |
| Materia general | PROCESO DE APRENDIZAJE |
| 942 ## - Punto de Acceso Adicional Koha | |
| Tipo de ítem Koha | Libro |
| Estado perdido | Estado dañado | No para préstamo | Biblioteca permanente | Biblioteca actual | Signatura completa | Código de barras | Precio efectivo a partir del | Tipo de ítem |
|---|---|---|---|---|---|---|---|---|
| Departamento de Biblioteca y Documentación Alfonso Chase Brenes | Departamento de Biblioteca y Documentación Alfonso Chase Brenes | 373.142.2 I59i | 19290 | 12/03/2018 | Libro |